Rock and Metal band by most popular song - Statistics

General Stats
  • This quiz has been taken 93 times
  • The average score is 12 of 18
Answer Stats
Band Song % Correct
Metallica Enter Sandman
91%
Eagles Hotel California
86%
Toto Africa
84%
Black Sabbath Paranoid
84%
Lynyrd Skynyrd Sweet home Alabama
76%
Ozzy Osbourne Crazy Train
74%
Led Zeppelin Stairway to heaven
74%
Pink Floyd Another brick in the wall
73%
Journey Don't stop believin'
73%
Guns N' Roses Sweet Child O' Mine
70%
Van Halen Jump
69%
Bon Jovi Livin on a prayer
65%
Pearl Jam Even Flow
59%
Dire Straits Sultans of Swing
54%
Alice in Chains Man in the Box
50%
Fleetwood Mac Dreams
47%
Motley Crue Kickstart my heart
46%
America A horse with no name
36%
No matching quizzes found
Score Distribution
Percent of People with Each Score
Percentile by Number Answered
Your Score History
You have not taken this quiz